Violences et insecurite urbaines / (Kayıt no. 10390)

MARC ayrıntıları
000 -BAŞLIK
Sabit Uzunluktaki Kontrol Alanı 00655nam a22002177a 4500
003 - KONTROL NUMARASI KİMLİĞİ
Kontrol Alanı KOHA_MİRAKIL
005 - EN SON İŞLEM TARİHİ ve ZAMANI
Kontrol Alanı 20260601113352.0
008 - SABİT UZUNLUKTAKİ VERİ ÖGELERİ - GENEL BİLGİ
Sabit Alan 260601b tu ||||| |||| 00| 0 tur d
040 ## - KATALOGLAMA KAYNAĞI
Özgün Kataloglama Kurumu TR-AnABB
Kataloglama Dili fre
Çeviri Kurumu TR-AnABB
041 ## - DİL KODU
Metin ya da ses kaydının dil kodu tur
082 ## - DEWEY ONU SINIFLAMA SİSTEMİ
Sınıflama Numarası 364.106 6
Cutter numarası BAU 1998
100 1# - KİŞİ ADI
Yazar Adı (Kişi adı) Bauer, Alain
245 10 - ESER ADI BİLDİRİMİ
Başlık Violences et insecurite urbaines /
Sorumluluk Bildirimi Alain Bauer, Xavier Raufer
250 ## - BASIM BİLDİRİMİ
Basım Bildirimi Düzenlenmiş 2. baskı
260 ## - YAYIN, DAĞITIM, VB.
Yayın Yeri Paris :
Yayınevi Presses Universitaires de France,
Yayın Tarihi 1998
300 ## - FİZİKSEL TANIMLAMA
Sayfa, Cilt vb. 127 sayfa ;
Boyutları 18 cm
650 04 - KONU BAŞLIĞI EK GİRİŞ - KONU TERİMİ
Konusal terim veya coğrafi ad Kent suçları
650 04 - KONU BAŞLIĞI EK GİRİŞ - KONU TERİMİ
Konusal terim veya coğrafi ad Şehir güvenliği
700 1# - EK GİRİŞ - KİŞİ ADI
Yazar Adı (Kişi adı) Raufer, Xavier
9 (RLIN) 3636
942 ## - EK GİRİŞ ÖGELERİ (KOHA)
Sınıflama Kaynağı Dewey Decimal Classification
Materyal Türü Kitap
900 ## - YEREL BİLGİ
Kontrol Can ÇELIK
Mevcut
Geri Çekilme Durumu Kayıp Durumu Sınıflandırma Kaynağı Kredi için değil Kalıcı Konum Mevcut Konum Kayıt Tarih Toplam Ödünçverme Yer Numarası Demirbaş Numarası Son Görülme Tarihi Fatura Tarihi Materyal Türü
    Dewey Decimal Classification   Prof. Dr. Ruşen Keleş Kütüphanesi Prof. Dr. Ruşen Keleş Kütüphanesi 01/06/2026   364.106 6 BAU 1998 RK7115 01/06/2026 01/06/2026 Kitap